Normal view
MARC view
Entry Personal Name
001 - CONTROL NUMBER
- control field: 28792
003 - CONTROL NUMBER IDENTIFIER
- control field: ARRUPE
005 - DATE AND TIME OF LATEST TRANSACTION
- control field: 20170214093619.0
008 - FIXED-LENGTH DATA ELEMENTS
- fixed length control field: 170214|| aca||aabn | a|a d
040 ## - CATALOGING SOURCE
- Original cataloging agency: ARRUPE
- Transcribing agency: ARRUPE
100 ## - HEADING--PERSONAL NAME
- Personal name: Mwalo, Margaret.
670 ## - SOURCE DATA FOUND
- Source citation: Work cat.: (ARRUPE)0: Batezat, Elinor. 28790, Women in Zimbabwe /, 1989.